000 00725nam a2200241Ia 4500
003 OSt
005 20220923213310.0
006 a|||||r|||| 00| 0
007 ta
008 220922b |||||||| |||| 00| 0 hin d
024 _a160,555
037 _cTextual
040 _aARTS
_cARTS
_bhin
041 _2hin
_ahin
082 _aO152,3:g, L3
100 _aसन्तबख्श सिंह
245 0 _aनई कहानी कथ्य और शिल्प
246 _aNaī kahānī kathya aur shilpa
260 _c1973
650 _aहिन्दी साहित्य
_9156264
942 _hO152,3:g, L3
_cTEXL
_2CC
999 _c315302
_d315302